Advanced Engineering Mathematics: (Record no. 12770)

MARC details
000 -LEADER
fixed length control field 00511nam a2200205Ia 4500
003 - CONTROL NUMBER IDENTIFIER
control field OSt
005 - DATE AND TIME OF LATEST TRANSACTION
control field 20231208160941.0
008 - FIXED-LENGTH DATA ELEMENTS--GENERAL INFORMATION
fixed length control field 230312s9999||||xx |||||||||||||| ||und||
020 ## - INTERNATIONAL STANDARD BOOK NUMBER
International Standard Book Number 978-81-265-5423-2
040 ## - CATALOGING SOURCE
Transcribing agency abc
082 ## - DEWEY DECIMAL CLASSIFICATION NUMBER
Classification number 510.2462
Item number KRE
100 ## - MAIN ENTRY--PERSONAL NAME
Personal name Kreyszig; Erwin
245 #0 - TITLE STATEMENT
Title Advanced Engineering Mathematics:
Statement of responsibility, etc. Kreyszig; Erwin
250 ## - EDITION STATEMENT
Edition statement 10th ed.
260 ## - PUBLICATION, DISTRIBUTION, ETC.
Name of publisher, distributor, etc. Wiley
Place of publication, distribution, etc. India
Date of publication, distribution, etc. 2018
300 ## - PHYSICAL DESCRIPTION
Extent 1001
500 ## - GENERAL NOTE
General note Index given.
650 ## - SUBJECT ADDED ENTRY--TOPICAL TERM
Topical term or geographic name entry element Engineering
Form subdivision Mathematics
942 ## - ADDED ENTRY ELEMENTS (KOHA)
Koha item type BOOK
Source of classification or shelving scheme Dewey Decimal Classification
Holdings
Withdrawn status Lost status Source of classification or shelving scheme Damaged status Not for loan Collection Home library Current library Date acquired Total Checkouts Full call number Barcode Date last seen Date last checked out Price effective from Koha item type
    Dewey Decimal Classification     Engineering Superior Information Resource Center (SIRC) Superior University- Main Campus Superior Information Resource Center (SIRC) Superior University- Main Campus 03/13/2023 3 510.2462 KRE-A 2018 12901 06/05/2024 05/17/2024 03/13/2023 BOOK

Powered by Koha